[Event "Bundesliga 0506"]
[Site "Germany"]
[Date "2005.11.13"]
[Round "4.1"]
[White "Efimenko, Zahar"]
[Black "Nataf, Igor Alexandre"]
[Result "1-0"]
[WhiteElo "2637"]
[BlackElo "2564"]
[Annotator "Hazai,L"]
[PlyCount "101"]
[EventDate "2005.10.21"]
[EventType "team-tourn"]
[EventRounds "15"]
[EventCountry "GER"]
[SourceTitle "CBM 110"]
[Source "ChessBase"]
[SourceDate "2006.01.31"]
[SourceVersion "1"]
[SourceVersionDate "2006.01.31"]
[SourceQuality "1"]
[WhiteTeam "Werder Bremen"]
[BlackTeam "Neukoelln"]
[WhiteTeamCountry "GER"]
[BlackTeamCountry "GER"]

1. d4 Nf6 2. c4 g6 3. Nc3 Bg7 4. e4 d6 5. h3 O-O 6. Be3 e5 7. d5 Na6 8. Bd3 Nh5
9. g3 {White prevents Black from Nf4, and for the moment f5 is also not a
threat..} (9. Nge2 {closes the d1-h5 /^, so f5 is already possible.} f5 (9...
Nc5 10. Bc2 f5 11. exf5 gxf5 12. b4 Na6 13. Rb1 {It looks that White has
achieved what he wanted, the N is driven back to a6. On the other hand he has
problems with K, because the >> is weakened by h3 and he has no more 0-0-0.
Black's strong P [+] is also a force he has to reckon with.} Qh4 14. g3 Qe7 {
successfully weakening the >>.} 15. Qd3 Bd7 16. g4 Nf4 $1 {This is the best
reaction in most of the cases.} 17. Bxf4 exf4 18. Kf1 Qh4 19. Qf3 Rae8 20. gxf5
Bxf5 $11 {Rivas Pastor-Polgar, Salamanca 1989}) 10. exf5 gxf5 11. g4 Nf4 $1 {
This is best again!} (11... e4 $143 {is not good here.} 12. gxh5 exd3 13. Qxd3
(13. Nf4 Nb4 14. Rg1 Nc2+ 15. Kd2 Kh8 16. Ng6+ hxg6 17. hxg6 Qh4 $17) 13... f4
14. Bd4 Nb4 15. Qd2 Bxd4 16. Nxd4 Qf6 (16... Re8+ 17. Kf1 $16) 17. O-O-O $16 {
Gaertner-Wohlfahrt, Prague 1994}) 12. Bxf4 exf4 {opening up the long /^ and
the e <->.} 13. Qd2 Qh4 14. gxf5 Nc5 15. Bc2 f3 16. Ng3 Bd7 17. Bd3 a6 {
Black wants to open up the position from the << as well.} 18. Kf1 b5 19. Re1
bxc4 20. Be4 Rab8 $17 {Gaertner-Kruppa, Oberwart 1995}) (9. Be2 {runs into} Nf4
(9... Nf6 $143 {is completely illogical.} 10. Nf3 $14 {/\ Nd2 or g4} (10. g4
Nc5 11. Qc2 $14 (11. Bf3 {The B is usually badly placed here.} a5 12. Nge2 Bd7
(12... Nfd7 13. Ng3 $14) 13. Ng3 c6 14. O-O cxd5 15. cxd5 Ne8 16. Kh2 b5 $13 {
with a good counterplay on the <<, Grishenko-Yandarbiev, Voronezh 2005.} (16...
Qh4 17. Qd2 h6)))) 10. Bf3 (10. Bf1 {is sad retreat.} f5 11. g3 fxe4 $1 {
This is a typical positional piece sacrifice in this variation.} 12. gxf4 (12.
Nxe4 Bf5) 12... exf4 13. Bd4 Qe7 $44) 10... Nb4 {>< d3} 11. g3 Nfd3+ 12. Kf1 f5
13. a3 Nxb2 14. Qb1 N4d3 15. Kg2 f4 16. Bd2 $13) (9. a3 {/\ b4} Nc5 10. Be2 Nf6
11. Qc2 a5 {strengthening the N's position on c5.}) 9... Qe8 (9... Nc5 10. Be2
(10. Bc2 a5 11. Nge2 (11. Nf3 Bd7 (11... f5 {White is well-prepared for this
push.} 12. exf5 gxf5 13. Ng5 Nf6 14. Bxc5 (14. g4 h6 15. Bxc5 hxg5 $13) 14...
dxc5 15. Ne6 Bxe6 16. dxe6 e4 17. g4 $14 {blowing up the [+].}) 12. Nd2 (12.
Qe2 Qe8 $13) 12... Qe8 $13) 11... f5 $132) 10... Nf6 (10... a5 {is a
well-known positional P sacrifice, Black gets the ^^ and some activity for the
P.} 11. Bxh5 gxh5 12. g4 (12. Qxh5 f5 $44) 12... Kh8 {/\ Bf6}) 11. Qc2 a5 (
11... Ne8 12. g4 f5 {is the direct approach, Black is not afraid of b4,
because then the white K has no shelter on the <<.}) 12. O-O-O a4 $1 (12... Ne8
13. h4 $1 $16) 13. g4 Ne8 (13... Bd7 $5) 14. h4 f5 15. gxf5 gxf5 16. Nf3 a3 $1
{hoping for the opening of the long /^ at once.} 17. b4 fxe4 (17... Nxe4 18.
Nxe4 fxe4 19. Ng5 $16) 18. Ng5 $1 (18. Ne1 {The N is very passive here.} Na6
19. Qb3 Bf5 20. Nc2 Kh8 21. Nxa3 {White has won the >< a3, but lost a couple
of tempi and opened the a <->.} Nf6 22. Rhg1 Qd7 $1 23. Nc2 (23. Nab1 $2 {
is again a passive N move.} Ng4 24. Bxg4 Bxg4 25. Rde1 c5 $1 $15 26. a3 $1 (26.
dxc6 $2 bxc6 {opens the position against his own K.} 27. Nd2 (27. Nxe4 $6 {
continuing the wrong plan.} d5 $1 28. Nc5 Nxc5 29. Bxc5 Rf3 30. Qc2 d4 31. Rg3
Bf5 $1 $19 {Knaak-Piket, Hamburg 1991 52/599}) 27... d5 $1)) 23... Ng4 24. a4
$1 $13) 18... Nd3+ 19. Rxd3 $1 {This positional exchange sacrifice is forced,
if doesn't want to lose the |^.} (19. Bxd3 exd3 20. Qxd3 Bf5 $132) 19... exd3
20. Bxd3 e4 $5 {/\ h6} (20... h6)) (9... c5 {closes the << for a while, the a6
N is a good defender in case of b4-bxc5.} 10. Be2 Nc7 11. Bxh5 gxh5 12. Qxh5 f5
$132) 10. Be2 f6 {This is the novelty, Black doesn't want to retreat.} (10...
Nf6 11. Nf3 (11. g4) 11... Nd7 (11... Bd7 12. Nd2 Qe7 (12... c6 {The opening
of the << is a double-edged operation.} 13. Kf1 {/\ Kg2} Qe7 (13... cxd5 14.
cxd5 b5 $6 {is strongly countered by} 15. a4 $1 $16) 14. g4 {is this an
offensive or a defensive move?!} (14. Kg2 {looks more flexible.}) 14... Nc7 15.
Kg2 c5 $1 {Now White has only a narrow path on the <<.} 16. Rb1 Nfe8 17. b4 b6
18. bxc5 dxc5 {creating a strong blockading square for the N on d6.} (18...
bxc5 $5 19. Nb3 f5 (19... a5) 20. f3 h5 $13) 19. a4 Nd6 20. a5 Rfb8 $1 21. g5 (
21. Rb2 Na6 22. axb6 axb6 23. Na2 f5 24. f3 Bf6 25. Qb1 Bg5 26. Bf2 Bxd2 27.
Rxd2 b5 $1 $132) 21... Nce8 $1 {/\ f5 with a counterplay on the >>.} 22. h4 f5
23. gxf6 Bxf6 24. Bg4 (24. h5 Bg5 25. Nf1 Bf4 $1) 24... Ng7 $13 {Vilela-Moreno,
Havana 1997 70/(528)}) 13. g4 c6 14. Nf1 {/\ Ng3} (14. a3 cxd5 15. cxd5 Ne8 (
15... Rfc8 {The c <-> is not so important for Black.} 16. Rc1 Ne8 17. h4 f5 18.
gxf5 gxf5 19. Bg5 $14 {Zemerov-Borocz, Szeged op 1993})) 14... Nc5 15. Ng3 a5
16. h4 cxd5 17. cxd5 $14) (11... Nc5 12. Nd2 a5 13. g4 Qe7 14. Qc2 (14. h4)
14... Bd7 (14... Ne8) 15. f3 Rfc8 {/\ c6, but I don't like it.} (15... Ne8 $5
16. h4 f5 17. exf5 gxf5 18. O-O-O a4) 16. Nb3 (16. h4 h5 $1) 16... b6 (16...
Nxb3 17. Qxb3 Ne8 18. h4 Qf8 19. h5 Bf6 20. g5 a4 21. Qc2 Bd8 22. Qd2 c6 23.
hxg6 fxg6 24. f4 Ba5 25. fxe5 dxe5 26. c5 $16 {Zemerov-Videki, Hungary tt 1995}
) 17. Nxc5 bxc5 {was more persistanmt.}) (11... Qe7 12. Nd2 {This is the main
plan.} (12. a3 $143 {White has problems with his K, the a3-b4 plan is not a
remedy for that.} Ne8 13. g4 f5 14. Qc2 Nc5 15. b4 fxe4 16. Nd2 Nd3+ 17. Bxd3
exd3 18. Qxd3 e4 $1 $132 {with the typical positional P sacrifice, B.
Kovacevic-Saric, Borovo 2005.}) (12. g4)) 12. a3 (12. g4 $6 f5 13. a3 (13. gxf5
gxf5 14. exf5 Ndc5 15. Rg1 (15. Nh4 Qe7) 15... Bxf5 {Black is not afraid of
exchanging his fianchettoed B, White has no real attacking chances.} (15... Kh8
16. Nh4 {against Bh6.} Qe7 (16... Bxf5 17. Nxf5 Rxf5) 17. Bg5 Bf6 18. Qd2 Bxg5
19. Rxg5 Rg8 20. Rxg8+ Kxg8 21. Qh6 Qg7 22. Qh5 Bd7 23. O-O-O Be8 24. Qg4 $16 {
Zemerov-Drozdov, Budapest 1995}) 16. Bh6 (16. Nh4 Bg6 17. Nxg6 hxg6) 16... Bg6
17. Bxg7 Kxg7 $13) 13... Nac5 14. b4 (14. gxf5 $143 gxf5 15. Nd2 Nf6 {with a
strong pressure against >< e4.} 16. Bxc5 dxc5 {The exchange of this B is a big
relief for Black, the dark squares become vulnerable in White's camp.} 17. Qc2
Nxe4 18. Ndxe4 fxe4 19. Nxe4 Bf5 20. Bd3 Qh5 21. Qe2 Qh4 22. Rg1 Kh8 23. Rg3
Bxe4 24. Bxe4 Rf4 $17 {I.Sokolov-Van Wely, Groningen 1994 62/(582)}) 14... Nxe4
15. Nxe4 fxe4 16. Ng5 Nf6 17. Qc2 {/\ Ne4=}) 12... f5 13. b4 {The a6 N is
temporarily out of play, but where will the white K castle?} Nf6 14. Qb3 Kh8
15. Ng1 Ng8 {1/2:1/2 Gomez Esteban-Moreno Carnero, ESP 2001}) 11. Bxh5 gxh5 12.
g4 $1 Qd7 $2 (12... Qg6 {was the last practical chance!} 13. gxh5 (13. f3 f5 $1
14. exf5 Bxf5 15. gxf5 Qg2 16. Qb3 (16. Qe2 Qxh1 17. O-O-O Rxf5 18. Ne4 h4 19.
Qf2 Raf8 {and the black Q cannot be catched.}) 16... Qxh1 17. O-O-O Qg2 18. Rd2
Qf1+ 19. Rd1 Qg2 {with repetition of moves}) 13... Qg2 14. Qf3 Qxf3 15. Nxf3 f5
16. O-O-O $14 {White is better not only because of his extra P, but the g7 B
remains passive.}) 13. f3 Qf7 14. Nge2 Qg6 {losing a couple of tempi to get to
g6.} 15. Qd2 {against Bh6} (15. Ng3 Bh6 16. Bxh6 Qxh6 17. Nxh5 f5 {at least
gives Black some hopes for acrivity.}) 15... h4 16. f4 $5 {This allows the
black dark-squared B to come back to fight.} (16. O-O-O Bd7 17. Kb1 {/\ Nc1-d3
with further advane on the << was the slow but safe procedure.} (17. f4 Bh6 18.
Rhf1 {keeping the position opened was the other strategy.})) 16... Bh6 17. f5 {
White closes the P and in the long run the fall of >< h4 is inevitable. Black
has some small hopes to build up a fortress.} (17. O-O-O) 17... Bxe3 18. Qxe3
Qg5 19. Kf2 c5 (19... Bd7 20. Rhc1 {/\ Ng1-f3 >< h4} (20. Ng1 Nb4 $1)) 20. Nb5
(20. Ng1 Nb4 $1) 20... Rd8 21. Rhc1 (21. Ng1 Nb4 $1) 21... Kf7 22. Ng1 $18 {
Finally Black has no active counterplay and >< cannot be defended.} Ke7 23. Nf3
Qxe3+ 24. Kxe3 Bd7 25. Nc3 (25. Nxh4 Bxb5 26. cxb5 Nc7 27. a4 $18) 25... Nc7
26. Nxh4 (26. a4 a5 {at least closes one flank.}) 26... b5 27. b3 (27. cxb5
Nxb5 28. Nxb5 Bxb5 29. Nf3 {was a healthy P up, too.}) 27... Rdb8 (27... b4 28.
Ne2 $18 {and White will prepare the breakthrough on the >>.}) 28. Nf3 a5 29.
Nd2 (29. cxb5 Nxb5 30. Nxb5 Bxb5 31. Rab1 $18) 29... a4 30. cxb5 Bxb5 31. Rab1
axb3 32. Rxb3 Ba6 33. Rxb8 (33. Rcb1 $18) 33... Rxb8 34. Rb1 {White can get
passed pawns on both flanks, the o^ on c5 can easily be blockaded on c3.} Rg8
35. Nf3 Kd7 36. Rg1 Nb5 37. Nxb5 Bxb5 38. Rb1 Ba6 39. Rb6 Ra8 40. g5 fxg5 41.
Nxg5 Bc8 42. Nxh7 Rxa2 43. f6 Ra3+ 44. Kf2 Ra2+ 45. Kg3 Ra3+ 46. Kh4 Rf3 47.
Kg5 c4 48. Kg6 c3 49. f7 Rg3+ 50. Kf6 Rf3+ 51. Kg7 1-0

[Event "Moscow Aeroflot op-A"]
[Site "Moscow"]
[Date "2006.02.14"]
[Round "7"]
[White "Izoria, Zviad"]
[Black "Fedorov, Alexei"]
[Result "1/2-1/2"]
[WhiteElo "2652"]
[BlackElo "2608"]
[Annotator "Hazai,L"]
[PlyCount "47"]
[EventDate "2006.02.08"]
[EventType "swiss"]
[EventRounds "9"]
[EventCountry "RUS"]
[SourceTitle "CBM 112"]
[Source "ChessBase"]
[SourceDate "2006.06.07"]
[SourceVersion "1"]
[SourceVersionDate "2006.06.07"]
[SourceQuality "1"]

1. c4 g6 2. d4 Nf6 3. Nc3 Bg7 4. e4 d6 5. h3 O-O 6. Be3 e5 7. d5 a5 (7... Na6
$1 {is the more flexible plan.}) 8. c5 $5 {White wants to punish Black's
"negligence" of controlling >< c5. However White's >> is completely
undeveloped.} (8. g4 {- Aleksandrov-El Taher, New Delhi 2000 CBM 81}) (8. Bd3
Na6 9. Nge2 {is the theoretical main line, see the aforementioned game.}) (8.
Nf3 {is a strong continuation leading to E90.}) 8... c6 (8... Na6 9. cxd6 Qxd6
10. Nf3 Bd7 $5 {deserves attention.} (10... c6 $2 {is out of question.} 11.
dxc6 Qe7 (11... Qxc6 12. Nxe5 $16) 12. Bc4 $1 {White has to finish the
development, there is no time for P hunt.} bxc6 13. O-O {Black's << P
formation is shattered anyway.} Nc5 14. Qc2 Nfd7 {Black has no real
counterplay on the dark squares d4 and f4.} 15. Na4 Ne6 16. Rfd1 $16 {
Karpov-Miroshnichenko, Sochi 2005})) (8... Ne8 {Black wants to take back with
the N on d6.} 9. Nf3 dxc5 10. Bxc5 Nd6 {with a strong blockading N.}) 9. dxc6
Nxc6 10. Nf3 ({Accepting the positional P sacrifice leads to a dangerous lead
of development for Black.} 10. Qxd6 Be6 $1 (10... Qxd6 11. cxd6 Rd8 12. O-O-O
Ne8 13. Nb5 {looks better for White.}) 11. Qxd8 (11. O-O-O $2 Qc8 $40 {with
good attacking chances on the <<.}) (11. Nf3 Qxd6 (11... Qc8) 12. cxd6 Nb4 $132
(12... Rfd8 13. Ng5)) 11... Rfxd8 $44 {with an active piece play for the P.})
10... dxc5 11. Bxc5 Re8 12. Bb5 (12. Qxd8 {deserved attention.} Rxd8 13. Bb6 (
13. Bc4 Nd7 14. Be3 Nd4 {This centralization is Black's main threat.}) 13...
Re8 14. Bb5 Bd7 (14... Nd7 15. Be3 Nd4 16. Rd1 $16 {and Black has to give up
his stronghold on d4.}) 15. Rd1 $14) 12... Bd7 13. O-O Nd4 14. Bxd7 (14. Nxd4
exd4 15. Bxd7 Qxd7 16. Bxd4 Nxe4 17. Bxg7 Qxd1 18. Raxd1 Kxg7 $11 {leads to a
dead draw.}) 14... Nxd7 (14... Nxf3+ 15. Qxf3 Qxd7 16. Rfd1 Qc6 17. Be3 $14 {
with some advantage because of the weakened light squares.}) 15. Nxd4 (15. Bxd4
exd4 16. Nxd4 Nc5 $11 {and Black gains back the material.}) 15... Nxc5 16. Ndb5
Bf8 (16... Ra6 17. Nd5 $14) 17. Nd5 {It seems that White has a strong N versus
bad B, but things are far from clear.} (17. Qf3 Rc8 18. Rfd1 Qh4) 17... Rc8 18.
Qf3 Rc6 19. Rad1 (19. g3 Qd7 20. Kg2 f5 $132) 19... Qh4 {Black has a
counterplay against >< e4.} 20. Rfe1 Kg7 21. Na7 (21. b3 Ne6 $132) (21. Kh2 Ne6
22. g3 Ng5 23. Qg2 Qh5 24. g4 Qh6 $132) 21... Rd6 22. Nb5 Rc6 23. Na7 Rd6 24.
Nb5 {and draw by repetition of moves.} 1/2-1/2

[Event "EU-ch 19th"]
[Site "Batumi"]
[Date "2018.03.27"]
[Round "10"]
[White "Anton Guijarro, David"]
[Black "Smirin, Ilia"]
[Result "1-0"]
[WhiteElo "2647"]
[BlackElo "2594"]
[Annotator "Szabo,Kr"]
[PlyCount "89"]
[EventDate "2018.03.17"]
[EventType "swiss"]
[EventRounds "11"]
[EventCountry "GEO"]
[SourceTitle "CBM 184"]
[Source "ChessBase"]
[SourceDate "2018.05.16"]
[SourceVersion "1"]
[SourceVersionDate "2018.05.16"]
[SourceQuality "1"]

1. d4 Nf6 2. c4 g6 3. Nc3 Bg7 4. e4 d6 5. h3 Nbd7 (5... O-O {is the most
popular move.}) 6. Be3 (6. Nf3 {is the other main continuation, but in the
game White wanted to save the Nf3.}) 6... e5 7. d5 Nc5 8. Qc2 a5 9. g4 {
This is a typical plan, White has gained some space on the kingside. He avoids
...Nh5 and he is ready to attack the knight with g5 at a good moment.} c6 {
The usual reaction with Black after g4.} (9... O-O 10. O-O-O) 10. g5 $1 $146 {
Good novelty by Anton Guijarro. White immediately attacks the knight, which
loses the control of the central squares.} (10. Nf3 {was played previously,}
cxd5 11. cxd5 O-O 12. Be2 Ne8 13. g5 {(Yankelevich-Jurcik, Balatonszarszo 2017)
} f5 14. gxf6 Nxf6 $132 {with a double-edged fight.}) 10... Nh5 11. O-O-O cxd5
$6 {This exchange helps only White, because the knight can go to the centre
with tempo.} (11... O-O {was more natural for me.}) 12. Nxd5 O-O 13. Bxc5 dxc5
14. h4 $1 {A cool-headed reaction.} ({White doesn't hurry to win the queen with
} 14. Nf6+ {, because} Bxf6 15. Rxd8 Bxd8 {and the position is closed enough;
White has a bad bishop on f1, so things are not clear.}) 14... Bg4 (14... Kh8 {
was more solid.}) 15. Be2 Bxe2 16. Nxe2 Ra6 17. Ng3 ({Now already} 17. Nf6+ {
was better then previously,} Bxf6 18. Rxd8 Bxd8 19. Rd1 $16 {because he
exchanged the light-squared bishops and he is threatening tto penetrate with
Rd7.}) 17... Nxg3 18. fxg3 Kh8 19. Qd2 f6 20. Kb1 Rd6 21. gxf6 Bxf6 22. h5 Bg5
(22... g5 23. Qe3 $16 {is also clearly better for White. He has an extremely
strong knight on d5 against a bad bishop.}) 23. Qc3 Re8 24. hxg6 Rxg6 25. Rdf1
$18 {White has a winning position, he can improve the position without
allowing any counterplay.} b6 (25... Qd7 26. Rf5 $18) 26. Rf7 Rg7 27. Qf3 Reg8
28. Rf5 Qd6 29. Rh3 a4 30. a3 Bd8 31. Kc2 b5 $6 {Loses quicker, but already
Black couldn't hold out.} 32. cxb5 Qd7 33. Nc3 (33. b6 $1 $18 {was stronger
and Black is completely bereft of hope.}) 33... Ba5 34. Qd3 Qd4 35. Qxd4 exd4
36. Nxa4 {White has exchanged the queens, he is two pawns up with a completely
winning endgame.} c4 37. b6 Be1 38. Nc5 (38. b3 $1 {was even more accurate,}
d3+ 39. Kd1 $18 {and Black can resign.}) 38... d3+ 39. Kd1 Bxg3 40. e5 $1 {
It is very important to close the b8-h2 diagonal. The g3-bishop is out of play.
} ({The careless} 40. b7 $2 {could have been met by} Bd6 $1 {and the b7-pawn
is lost.}) 40... Bh4 (40... Rb8 41. b7 $18 {is also completely winning for
White.}) 41. Rxh4 Rg1+ 42. Kd2 R8g2+ 43. Kc3 Rc1+ 44. Kb4 Rxb2+ ({After} 44...
d2 45. Rf8+ Rg8 ({or} 45... Kg7 {and White gives mate with} 46. Ne6+ Kg6 47.
Rf6# {.}) 46. Rxg8+ Kxg8 47. b7 $1 d1=Q 48. b8=Q+ Kf7 49. Rf4+ $18 {and mate
soon.}) 45. Ka5 {Nice play by Anton Guijarro!} 1-0

[Event "Eskilstuna m"]
[Site "Eskilstuna"]
[Date "2019.07.09"]
[Round "2"]
[White "Grandelius, Nils"]
[Black "McShane, Luke J"]
[Result "1/2-1/2"]
[WhiteElo "2691"]
[BlackElo "2688"]
[Annotator "McShane,L"]
[PlyCount "100"]
[EventDate "2019.07.08"]
[EventType "match"]
[EventRounds "9"]
[EventCountry "SWE"]
[SourceTitle "CBM 191 Extra"]
[Source "ChessBase"]
[SourceDate "2019.09.30"]
[SourceVersion "1"]
[SourceVersionDate "2019.09.30"]
[SourceQuality "1"]

{[%evp 0,100,29,29,29,1,37,35,35,33,33,33,32,20,20,14,24,-11,-11,-28,-28,-7,10,
-19,25,27,37,25,35,30,30,46,31,15,47,34,34,45,31,13,70,70,57,52,78,84,55,62,62,
62,65,65,65,65,51,51,47,47,69,66,69,0,0,0,0,-55,-55,-69,-63,-77,-50,-66,-64,
-80,-80,-88,-91,-113,-55,-76,-66,-103,-102,-105,-105,-103,-98,-104,-104,-101,
-89,-98,-98,-98,-94,-98,-98,-98,-93,-94,-98,-94,-94] I enjoyed visiting Sweden
to play a short match against Nils Grandelius. This was the second classical
game.} 1. d4 Nf6 2. c4 g6 3. Nc3 Bg7 4. e4 d6 5. h3 O-O 6. Be3 e5 7. d5 a5 8.
g4 Na6 9. Nge2 Nd7 10. Qd2 Ndc5 11. Ng3 c6 12. Be2 cxd5 13. exd5 $5 {An
unusual move, but an interesting one.} (13. cxd5 a4 14. h4 Bd7 15. h5 {0-1 (39)
Caruana,F (2832)-Nakamura,H (2746) London ENG 2018}) 13... f5 14. gxf5 Bxf5 (
14... gxf5 15. Bg5 $1 {is very awkward for Black.} Qd7 (15... Bf6 16. Bxf6 Qxf6
17. Rg1 {with a dangerous initiative.}) 16. Nh5 {and Black is not comfortable.}
) 15. Nxf5 (15. h4 $5) 15... gxf5 (15... Rxf5 16. Bg4 Rf4 $5 {I briefly
considered, but probably White keeps an advantage after} 17. Bxf4 exf4 18. Kf1)
16. O-O-O Kh8 (16... f4 17. Bxc5 Nxc5 18. Bd3 e4 19. Bxe4 Nxe4 20. Nxe4 $16 {
1-0 (33) Bluebaum,M (2618)-Miller,E (2382) Magdeburg GER 2019}) 17. Rhg1 f4 18.
Bxc5 Nxc5 19. Qc2 e4 $1 {In such positions, it is very natural to give up a
pawn to open the diagonal for the bishop. The middlegame which follows is
extremely sharp, with chances for both sides.} 20. Nxe4 Nxe4 21. Qxe4 ({
The bishop is strong enough that I thought an exchange sacrifice would be
quite natural here.} 21. Rxg7 $5 Kxg7 22. Qxe4 Kh8 $5 (22... Qf6 23. Bd3 $1 Rh8
24. Rg1+ Kh6 {is rather uncomfortable}) 23. Bd3 Rf7 $13) 21... Qf6 22. Rd2 f3
$1 {White's queen was hoping to find a nice home on the f3 square.} (22... Rae8
23. Qf3 Re7 24. Bd3 Rfe8 25. Rgd1 {and it is hard for Black to create threats.}
) 23. Bd3 Qh6 {Defending against the mate threat and threatening Bg7xb2+} 24.
Rgd1 (24. Qe1 {is the computer's rather surprising suggestion.} Rae8 25. Qd1
Re5 $13) 24... Qxh3 {I didn't grab this pawn lightly - after all, it opens up
the h-file in front of my king. The main goal is to cover the g4 square, so
Ra8-e8 would trap the queen.} 25. Qe7 Qh6 26. Kb1 Rae8 27. Qc7 (27. Qxb7 {
is too risky:} Qf6 {and Re8-b8 is coming, with a big initiative.}) 27... a4 28.
a3 Re1 29. Ka2 Qf4 30. Qb6 ({It seems that White could get away with taking
the pawn, but during the game it looked quite risky to both players.} 30. Qxb7
$14) 30... Re2 31. Qb4 (31. Bxe2 fxe2 {wins a piece} 32. Rxe2 Qxc4+ $19) (31.
Rxe2 fxe2 32. Bxe2 Qxf2 33. Qxf2 Rxf2 {and the ending is very bad for White,
as the h7 pawn will run.}) 31... Rxd2 32. Qxd2 (32. Rxd2 {was probably
stronger.} h5 $15) 32... Qxd2 33. Rxd2 h5 34. Rd1 Rf4 {perhaps not the best
practical try} (34... h4 $15 {Black has good practical chances, but} 35. c5 $1
{is still an important resource}) 35. Re1 (35. c5 $1 dxc5 36. d6 {and White
should hold.} Rd4 (36... Bf6 37. Bb5) 37. Bc2 {and a draw is likely}) 35... Bd4
36. Re4 Rxe4 37. Bxe4 h4 38. Bxf3 Kg7 (38... h3 39. b3 axb3+ 40. Kxb3 Kg7 41.
a4 Kf6 42. Bg4 h2 43. Bf3 Ke5 44. Kc2 Kf4 45. Bh1 Bxf2 46. Kd3 {and White has
a fairly comfortable fortress. If Black brings his king to the queenside,
White can bring the bishop to b5 and protect everything. For example} Ke5 47.
Bg2 Kf6 48. Ke2 Bc5 49. Bf3 Ke7 50. Kf1 Kd8 51. Kg2 Bg1 52. Bh5 Kc7 53. Be8 Kb6
54. Bb5 $11) 39. Bg4 $1 $11 {Now White's bishop can snatch the a4 pawn and get
back to defend h1, so the draw is beyond any doubt.} Bxf2 40. Bd7 Kf6 41. Bxa4
h3 42. Bd1 Ke5 43. Bf3 Kd4 44. Kb3 Be1 45. Bg4 h2 46. Bf3 b6 47. Bh1 Kd3 48.
Bg2 Bd2 49. Bf1+ Kd4 50. Bg2 Be1 1/2-1/2